00603nam a22001697a 450000500170000001000130001702000100003003500130004003700140005308200120006710000400007924500950011924600740021426000490028827000710033730000250040820200203161204.0 aA-318568 c75.00 aA-318568 bBPPD/Pub. a841.092 aفاروقی ، خواحہ احمد aاردو ے معلے غالیب نمبر حصہ سوم /cخواحہ احمد فاروقی aUrdu-E-Moalla Ghalib Number vol.III (Urdu) /bby Khwaja Ahmed Farooqi aDelhibEducational Publishing Housec1987 ء a3108، Gali Azizuddin Vakil, Kucha Pandit, Lal KuanbDelhie110006 a671p.c22cm(Hb)